000 01361nam a2200253 i 4500
001 86304
003 ES-MaACL
007 t|
008 041223s2002 sp ||||1| spa d
020 _a84-96170-51-5
080 _a946"1931/39"
245 0 0 _aII República y Guerra Civil [
_hRecurso electrónico] /
_c[dirección, Luis Sanguino Arias ; coordinación Juan Carlos Cobo Cueva... [et al.].
260 _aMadrid :
_bDolmen,
_c[2002]
300 _a1 disco compacto (CD-ROM) :
_bson., col. ;
_c12 cm +
_e1 folleto (31 p.)
490 1 _aHistoria de España (Ediciones Dolmen) ;
_v11
500 _aRequerimientos del sistema: PC con procesador Pentium II a 200 Mhz o superior ; Memoria RAM 32 Mb mínimo ; Espacio libre en disco duro de 10 Mb mínimo o posterior ; Tarjeta gráfica 4 Mb memoria (1024 x 768 pixels a 16 bits de color) ; Monitor XVGA (resolución 1024 x 768 pixels y millones de colores); Lector CD-ROM con capacidad de sonido MIDI y digitalizado. Windows 95 o superior.
651 4 _aEspaña-
_xHistoria-
_y1931-1939, II República-
_vCD-ROM.
_98287
651 4 _aEspaña-
_xHistoria-
_y1936-1939, Guerra civil-
_vCD-ROM.
_98300
700 1 _aSanguino Arias, Luis.
_9103152
700 1 _aCobo Cueva, Juan Carlos.
_939356
830 0 _aHistoria de España (Ediciones Dolmen) ;
_v11
_9183970
852 _aES-MaACL
_jROT 1/3/11
999 _c86304
_d86304